| 000 | 00000nam##2200000za#4500 |
| 001 | 9.693714 |
| 003 | CaOODSP |
| 005 | 20210624233806 |
| 007 | cr ||||||||||| |
| 008 | 150407|2003||||xxc|||||o f|0| 0 eng|d |
| 040 | |aCaOODSP|beng |
| 043 | |an-cn--- |
| 086 | 1 |aET2-1/2003E-PDF |
| 110 | 1 |aCanada. |bOffice of the Ethics Counsellor. |
| 245 | 10|aConflict of interest and post-employment code for public office holders |h[electronic resource] |
| 260 | |aOttawa - Ontario : |bOffice of the Ethics Counsellor |cDecember 2003. |
| 300 | |a34p. |
| 500 | |a"The attached document is a revised Conflict of Interest and Postemployment Code for Public Office Holders. This is the first updating of the Code since 1994."--Page 5 of 34, Message from the Prime Minister. |
| 590 | |a10-13-Supp|b2010-11-23 |
| 690 | 07|aConflicts of interest|2gcpds |
| 690 | 07|aEthics|2gcpds |
| 690 | 07|aPublic service|2gcpds |
| 775 | 08|tCode régissant la conduite des titulaires de charge publique en ce qui concerne les conflits d'intérêts et l'après-mandat |w(CaOODSP)9.637889 |
| 856 | 40|ahttp://publications.gc.ca|qPDF|s63 KB|uhttps://publications.gc.ca/collections/collection_2010/ccie-ciec/ET2-1-2003-eng.pdf |